[Event "Torneig dels Paisos Catalans"]
[Site "Ibiza ESP"]
[Date "2006.11.17"]
[Round "6.1"]
[White "Mirzoev, Azer"]
[Black "Borges Mateos, Juan"]
[Result "1/2-1/2"]
[WhiteElo "2543"]
[BlackElo "2431"]
[PlyCount "41"]
[EventDate "2006.11.13"]
[EventType "tourn"]
[EventRounds "9"]
[EventCountry "ESP"]
[EventCategory "6"]
[Source "lmi"]
[SourceDate "2006.11.13"]

1. Nf3 Nf6 2. g3 c5 3. Bg2 g6 4. O-O Bg7 5. c4 O-O 6. d3 Nc6 7. Nc3 a6 8. Bd2
d6 9. Qc1 Bd7 10. Bh6 Rb8 11. Bxg7 Kxg7 12. b3 b5 13. Rd1 e5 14. h3 Ne7 15. Kh2
Bc6 16. Ne1 Bxg2 17. Nxg2 Qd7 18. Qd2 d5 19. Nxd5 Nexd5 20. cxd5 Nxd5 21. Ne3
1/2-1/2

[Event "Torneig dels Paisos Catalans"]
[Site "Ibiza ESP"]
[Date "2006.11.17"]
[Round "6.2"]
[White "Pogorelov, Ruslan"]
[Black "Rizouk, Aimen"]
[Result "1-0"]
[WhiteElo "2462"]
[BlackElo "2438"]
[PlyCount "83"]
[EventDate "2006.11.13"]
[EventType "tourn"]
[EventRounds "9"]
[EventCountry "ESP"]
[EventCategory "6"]
[Source "lmi"]
[SourceDate "2006.11.13"]

1. Nf3 Nf6 2. c4 e6 3. Nc3 Bb4 4. Qc2 c5 5. a3 Ba5 6. g3 O-O 7. Bg2 Nc6 8. O-O
d5 9. Na4 Nd4 10. Nxd4 cxd4 11. b4 Bc7 12. Bb2 dxc4 13. Qxc4 e5 14. Rac1 Bd6
15. Nc5 Rb8 16. f4 b6 17. fxe5 Bxe5 18. Nd3 Be6 19. Qa6 Bd6 20. Bxd4 Ng4 21. e3
Nxh2 22. Kxh2 Qh4+ 23. Kg1 Bxg3 24. Rf3 Bd5 25. Rxg3 Qxg3 26. Nf4 Bxg2 27. Nxg2
Rbd8 28. Qxa7 Rc8 29. Rxc8 Rxc8 30. Bc3 h5 31. Qd7 Rf8 32. Qd4 Ra8 33. Qe4 Rc8
34. a4 g5 35. Qd4 Rxc3 36. Qxc3 h4 37. e4 Qg4 38. Kh2 Qxe4 39. a5 bxa5 40. bxa5
Kh7 41. a6 Qa4 42. Qf6 1-0

[Event "Torneig dels Paisos Catalans"]
[Site "Ibiza ESP"]
[Date "2006.11.17"]
[Round "6.3"]
[White "Baches Garcia, Guillermo"]
[Black "Movsziszian, Karen"]
[Result "1-0"]
[WhiteElo "2379"]
[BlackElo "2456"]
[PlyCount "95"]
[EventDate "2006.11.13"]
[EventType "tourn"]
[EventRounds "9"]
[EventCountry "ESP"]
[EventCategory "6"]
[Source "lmi"]
[SourceDate "2006.11.13"]

1. e4 c5 2. Nf3 d6 3. d4 cxd4 4. Nxd4 Nf6 5. Nc3 a6 6. Be2 e5 7. Nb3 Be7 8. O-O
O-O 9. Be3 b6 10. a4 Bb7 11. f3 Nbd7 12. Rf2 Qc7 13. Bf1 Kh8 14. Nc1 Nc5 15.
N1a2 Ne6 16. Nb4 g5 17. Ncd5 Nxd5 18. Nxd5 Bxd5 19. Qxd5 Nf4 20. Qb3 Bd8 21.
Rd1 Qc6 22. Bc4 Ra7 23. a5 b5 24. Bxa7 bxc4 25. Qa3 Be7 26. Qe3 Qb5 27. Qb6 Qd7
28. Bb8 f6 29. Bxd6 g4 30. Qc7 Qxc7 31. Bxc7 Bc5 32. fxg4 Rg8 33. Rd8 Ne6 34.
Rxg8+ Kxg8 35. Bb6 Bxf2+ 36. Kxf2 Kf7 37. Ke3 Ke7 38. Kd2 Kd6 39. Kc3 Ng5 40.
Kxc4 Nxe4 41. b4 Kc6 42. Kd3 Nd6 43. Bc5 Ne8 44. c4 Ng7 45. Ke4 h5 46. gxh5
Nxh5 47. Kf5 Nf4 48. h4 1-0

[Event "Torneig dels Paisos Catalans"]
[Site "Ibiza ESP"]
[Date "2006.11.17"]
[Round "6.4"]
[White "Planells Roig, Jose"]
[Black "Mascaro March, Pedro"]
[Result "0-1"]
[WhiteElo "2070"]
[BlackElo "2360"]
[PlyCount "156"]
[EventDate "2006.11.13"]
[EventType "tourn"]
[EventRounds "9"]
[EventCountry "ESP"]
[EventCategory "6"]
[Source "lmi"]
[SourceDate "2006.11.13"]

1. d4 Nf6 2. c4 e6 3. Nc3 d5 4. cxd5 Nxd5 5. e4 Nxc3 6. bxc3 c5 7. Nf3 cxd4 8.
cxd4 Bb4+ 9. Bd2 Bxd2+ 10. Qxd2 O-O 11. Be2 Nd7 12. O-O b6 13. Qf4 Bb7 14. Rac1
Rc8 15. Rxc8 Qxc8 16. Rc1 Qb8 17. Qxb8 Nxb8 18. Bd3 Nc6 19. Bb1 Rd8 20. Rd1 Kf8
21. Kf1 Na5 22. Rc1 Nc6 23. Rd1 h6 24. Ke2 Rc8 25. Kd2 g5 26. h3 Na5 27. Rc1
Rxc1 28. Kxc1 Nc4 29. Bd3 Nd6 30. Nd2 f5 31. f3 Ke7 32. g4 fxe4 33. Nxe4 Nxe4
34. fxe4 e5 35. d5 Kd6 36. Kd2 Kc5 37. Kc3 Bc8 38. a3 Bd7 39. Bc2 b5 40. Bb3 a5
41. Bc2 b4+ 42. axb4+ axb4+ 43. Kb3 Bb5 44. Bd1 Bc4+ 45. Ka4 Bd3 46. d6 Kxd6
47. Kxb4 Bxe4 48. Kc4 Bg2 49. Kd3 Bxh3 50. Bf3 Bf1+ 51. Ke4 Ke6 52. Ke3 Bc4 53.
Bb7 Bd5 54. Ba6 Kf6 55. Be2 Bh1 56. Bd1 Bg2 57. Bc2 Ke6 58. Bb3+ Kd6 59. Bc2
Kd5 60. Bb3+ Kd6 61. Bc2 Bc6 62. Bd3 Be8 63. Be2 Bc6 64. Bd3 Kc5 65. Be2 e4 66.
Bd1 Kd5 67. Bb3+ Ke5 68. Bd1 Be8 69. Be2 Bd7 70. Bd1 Be8 71. Be2 Ba4 72. Ba6
Bd1 73. Bc8 h5 74. gxh5 Bxh5 75. Bh3 Bf3 76. Bf1 g4 77. Kf2 Kf4 78. Ba6 e3+ 0-1

[Event "Torneig dels Paisos Catalans"]
[Site "Ibiza ESP"]
[Date "2006.11.17"]
[Round "6.5"]
[White "Oussama, Omar"]
[Black "Camarena Gimenez, Rufino"]
[Result "1-0"]
[WhiteElo "2299"]
[BlackElo "2330"]
[PlyCount "63"]
[EventDate "2006.11.13"]
[EventType "tourn"]
[EventRounds "9"]
[EventCountry "ESP"]
[EventCategory "6"]
[Source "lmi"]
[SourceDate "2006.11.13"]

1. c4 e5 2. g3 Nf6 3. Bg2 h6 4. e3 c6 5. Nc3 Bb4 6. Nge2 O-O 7. O-O Re8 8. f4
e4 9. d3 exd3 10. Qxd3 Na6 11. a3 Nc5 12. Qc2 Bxc3 13. Nxc3 d5 14. cxd5 cxd5
15. Nxd5 Nfe4 16. Rd1 Bg4 17. Rd4 f5 18. b4 Ne6 19. Rd3 Rc8 20. Qa2 Kh7 21. Bb2
Rc2 22. Qb3 Qc8 23. Nc3 Nxc3 24. Rxc3 Rxc3 25. Bxc3 Rd8 26. Qc2 g6 27. h3 Bh5
28. Rc1 Qd7 29. Be5 Qd3 30. Qxd3 Rxd3 31. Bxb7 Rxe3 32. Bd5 1-0

[Event "Torneig dels Paisos Catalans"]
[Site "Ibiza ESP"]
[Date "2006.11.17"]
[Round "7.1"]
[White "Camarena Gimenez, Rufino"]
[Black "Mirzoev, Azer"]
[Result "1/2-1/2"]
[WhiteElo "2330"]
[BlackElo "2543"]
[PlyCount "29"]
[EventDate "2006.11.13"]
[EventType "tourn"]
[EventRounds "9"]
[EventCountry "ESP"]
[EventCategory "6"]
[Source "lmi"]
[SourceDate "2006.11.13"]

1. d4 d5 2. c4 c6 3. Nc3 Nf6 4. cxd5 cxd5 5. Bf4 Nc6 6. e3 a6 7. Bd3 Bg4 8. f3
Bh5 9. Nge2 e6 10. Rc1 Bg6 11. O-O Be7 12. Bg3 Bxd3 13. Qxd3 O-O 14. Na4 Nd7
15. e4 1/2-1/2

[Event "Torneig dels Paisos Catalans"]
[Site "Ibiza ESP"]
[Date "2006.11.17"]
[Round "7.2"]
[White "Mascaro March, Pedro"]
[Black "Oussama, Omar"]
[Result "1/2-1/2"]
[WhiteElo "2360"]
[BlackElo "2299"]
[PlyCount "101"]
[EventDate "2006.11.13"]
[EventType "tourn"]
[EventRounds "9"]
[EventCountry "ESP"]
[EventCategory "6"]
[Source "lmi"]
[SourceDate "2006.11.13"]

1. Nf3 c5 2. c4 Nc6 3. Nc3 e5 4. g3 g6 5. Bg2 Bg7 6. O-O Nge7 7. d3 O-O 8. Ne1
d6 9. Nc2 Qd7 10. Rb1 b6 11. b4 Bb7 12. bxc5 dxc5 13. Ne3 h5 14. Ned5 Nxd5 15.
Bxd5 Ne7 16. Bxb7 Qxb7 17. e4 Qd7 18. Kg2 Rad8 19. Nd5 Nxd5 20. cxd5 f5 21. f3
Rc8 22. Qc2 fxe4 23. dxe4 c4 24. Bd2 b5 25. Bc3 Rb8 26. Qd2 Kh7 27. h3 Rfe8 28.
g4 Bh6 29. g5 Bg7 30. f4 exf4 31. Rxf4 Rf8 32. Rbf1 Qe7 33. Rxf8 Rxf8 34. Rxf8
Qxf8 35. Bxg7 Qxg7 36. d6 c3 37. Qd3 Qd7 38. Kf2 c2 39. Qxc2 Qxd6 40. Kf3 a5
41. Qb3 Qf8+ 42. Kg3 Qe8 43. Qd5 a4 44. e5 b4 45. e6 Kg8 46. e7+ Kg7 47. Qd4+
Kf7 48. Qxb4 Qxe7 49. Qxe7+ Kxe7 50. Kf4 Kd6 51. Ke4 1/2-1/2

[Event "Torneig dels Paisos Catalans"]
[Site "Ibiza ESP"]
[Date "2006.11.17"]
[Round "7.3"]
[White "Movsziszian, Karen"]
[Black "Planells Roig, Jose"]
[Result "1-0"]
[WhiteElo "2456"]
[BlackElo "2070"]
[PlyCount "63"]
[EventDate "2006.11.13"]
[EventType "tourn"]
[EventRounds "9"]
[EventCountry "ESP"]
[EventCategory "6"]
[Source "lmi"]
[SourceDate "2006.11.13"]

1. g3 e5 2. Bg2 d6 3. c4 g6 4. Nc3 c6 5. d3 Bg7 6. e4 Be6 7. Nge2 f5 8. exf5
gxf5 9. O-O Nf6 10. b3 Qd7 11. d4 O-O 12. Ba3 Rd8 13. Qd2 Na6 14. Rad1 e4 15.
d5 cxd5 16. cxd5 Bf7 17. f3 exf3 18. Bxf3 Ng4 19. Nf4 Qc7 20. Rc1 Qb6+ 21. Kh1
Rd7 22. Bxg4 fxg4 23. Ne6 Bxe6 24. dxe6 Rc7 25. Nd5 Rxc1 26. Rxc1 Qd8 27. Bxd6
Kh8 28. Qf4 Rc8 29. Rxc8 Qxc8 30. Be5 Qd8 31. Bxg7+ Kxg7 32. Qf7+ 1-0

[Event "Torneig dels Paisos Catalans"]
[Site "Ibiza ESP"]
[Date "2006.11.17"]
[Round "7.4"]
[White "Rizouk, Aimen"]
[Black "Baches Garcia, Guillermo"]
[Result "1/2-1/2"]
[WhiteElo "2438"]
[BlackElo "2379"]
[PlyCount "86"]
[EventDate "2006.11.13"]
[EventType "tourn"]
[EventRounds "9"]
[EventCountry "ESP"]
[EventCategory "6"]
[Source "lmi"]
[SourceDate "2006.11.13"]

1. e4 c5 2. Nf3 Nc6 3. Bb5 g6 4. Bxc6 bxc6 5. O-O Bg7 6. Re1 Nh6 7. c3 O-O 8.
d4 cxd4 9. cxd4 d6 10. Nc3 f6 11. b3 Nf7 12. Bb2 e5 13. Qd3 Bb7 14. Rad1 Qc8
15. Rc1 Ba6 16. Qc2 Qb7 17. Nd1 Rac8 18. Ne3 d5 19. dxe5 fxe5 20. Qc5 Rfd8 21.
Ng4 Re8 22. Ne3 d4 23. Nf1 Bf8 24. Qc2 c5 25. N1d2 Nd6 26. Ba3 c4 27. bxc4 Bxc4
28. Bxd6 Bf7 29. Qa4 Bxd6 30. Ng5 Rc3 31. Rb1 Qe7 32. Nxf7 Qxf7 33. Qa6 Bc5 34.
Rb7 Qe6 35. Qa4 Rf8 36. Nf3 d3 37. Rd1 Rc2 38. Ng5 Rfxf2 39. Rg7+ Kxg7 40.
Nxe6+ Kh6 41. Nxc5 Rxg2+ 42. Kh1 Rxh2+ 43. Kg1 Rhg2+ 1/2-1/2

[Event "Torneig dels Paisos Catalans"]
[Site "Ibiza ESP"]
[Date "2006.11.17"]
[Round "7.5"]
[White "Borges Mateos, Juan"]
[Black "Pogorelov, Ruslan"]
[Result "1/2-1/2"]
[WhiteElo "2431"]
[BlackElo "2462"]
[PlyCount "29"]
[EventDate "2006.11.13"]
[EventType "tourn"]
[EventRounds "9"]
[EventCountry "ESP"]
[EventCategory "6"]
[Source "lmi"]
[SourceDate "2006.11.13"]

1. d4 Nf6 2. c4 e6 3. Nf3 b6 4. g3 Bb7 5. Bg2 Be7 6. O-O O-O 7. Nc3 Ne4 8. Qc2
Nxc3 9. Qxc3 c5 10. Rd1 d6 11. b3 Qc7 12. Bb2 Bf6 13. Qd2 cxd4 14. Bxd4 Bxd4
15. Qxd4 1/2-1/2

[Event "Torneig dels Paisos Catalans"]
[Site "Ibiza ESP"]
[Date "2006.11.18"]
[Round "8.1"]
[White "Mirzoev, Azer"]
[Black "Pogorelov, Ruslan"]
[Result "1/2-1/2"]
[WhiteElo "2543"]
[BlackElo "2462"]
[PlyCount "93"]
[EventDate "2006.11.13"]
[EventType "tourn"]
[EventRounds "9"]
[EventCountry "ESP"]
[EventCategory "6"]
[Source "lmi"]
[SourceDate "2006.11.13"]

1. e4 c6 2. d4 d5 3. Nc3 dxe4 4. Nxe4 Bf5 5. Ng3 Bg6 6. h4 h6 7. Nf3 Nd7 8. h5
Bh7 9. Bd3 Bxd3 10. Qxd3 e6 11. Bf4 Qa5+ 12. Bd2 Qc7 13. O-O-O O-O-O 14. Ne4
Ngf6 15. g3 Nxe4 16. Qxe4 Bd6 17. c4 c5 18. d5 Nf6 19. Qc2 exd5 20. cxd5 Rhe8
21. Bc3 Qd7 22. Bxf6 gxf6 23. Nh4 Re5 24. f4 Rxh5 25. Qe2 Rxd5 26. Rxd5 Bxf4+
27. gxf4 Qxd5 28. Rd1 Qxa2 29. Rxd8+ Kxd8 30. Nf5 Qe6 31. Qd3+ Kc7 32. Nxh6
Qe1+ 33. Kc2 Qh4 34. Nxf7 Qxf4 35. Qd8+ Kc6 36. Qe8+ Kb6 37. Qe6+ Kc7 38. Qe7+
Kb6 39. Qe6+ Kc7 40. Qe7+ Kb6 41. Nd6 Qa4+ 42. Kd2 Qb4+ 43. Kc2 Qa4+ 44. Kd2
Qf4+ 45. Kd1 Qa4+ 46. Kc1 Qa1+ 47. Kc2 1/2-1/2

[Event "Torneig dels Paisos Catalans"]
[Site "Ibiza ESP"]
[Date "2006.11.18"]
[Round "8.2"]
[White "Baches Garcia, Guillermo"]
[Black "Borges Mateos, Juan"]
[Result "1/2-1/2"]
[WhiteElo "2379"]
[BlackElo "2431"]
[PlyCount "29"]
[EventDate "2006.11.13"]
[EventType "tourn"]
[EventRounds "9"]
[EventCountry "ESP"]
[EventCategory "6"]
[Source "lmi"]
[SourceDate "2006.11.13"]

1. e4 e6 2. d4 d5 3. Nc3 Nf6 4. e5 Nfd7 5. f4 c5 6. Nf3 Nc6 7. Be3 a6 8. Qd2
Be7 9. Be2 b5 10. Nd1 O-O 11. O-O b4 12. Nf2 a5 13. c4 cxd4 14. Nxd4 Nxd4 15.
Qxd4 1/2-1/2

[Event "Torneig dels Paisos Catalans"]
[Site "Ibiza ESP"]
[Date "2006.11.18"]
[Round "8.4"]
[White "Oussama, Omar"]
[Black "Movsziszian, Karen"]
[Result "1-0"]
[WhiteElo "2299"]
[BlackElo "2456"]
[PlyCount "96"]
[EventDate "2006.11.13"]
[EventType "tourn"]
[EventRounds "9"]
[EventCountry "ESP"]
[EventCategory "6"]
[Source "lmi"]
[SourceDate "2006.11.13"]

1. c4 g6 2. g3 Bg7 3. Bg2 d6 4. Nc3 e5 5. e3 f5 6. Nge2 Nf6 7. O-O O-O 8. d3 c6
9. e4 Na6 10. exf5 Bxf5 11. Ne4 Nc5 12. N2c3 Qd7 13. b4 Ncxe4 14. Nxe4 a5 15.
Qb3 axb4 16. Qxb4 Nxe4 17. dxe4 Be6 18. Bg5 Qf7 19. Rac1 Rxa2 20. Qxd6 Bxc4 21.
Rxc4 Qxc4 22. Bh3 Re8 23. Bd7 Raa8 24. Bxe8 Rxe8 25. Rb1 Qf7 26. Qb4 b5 27. Qc5
Qe6 28. Ra1 Bf8 29. Qb6 h6 30. Be3 b4 31. Bc5 Bxc5 32. Qxc5 Rb8 33. Qa7 Qe8 34.
Qc7 Ra8 35. Rxa8 Qxa8 36. Qxe5 Qb7 37. Qf6 Kh7 38. h4 h5 39. e5 b3 40. e6 b2
41. e7 b1=Q+ 42. Kh2 Qe1 43. Qf7+ Kh6 44. e8=Q Qxe8 45. Qxe8 Qc7 46. Qe4 c5 47.
Qc4 Qd6 48. Kg2 Qf6 1-0

[Event "Torneig dels Paisos Catalans"]
[Site "Ibiza ESP"]
[Date "2006.11.18"]
[Round "8.5"]
[White "Camarena Gimenez, Rufino"]
[Black "Mascaro March, Pedro"]
[Result "1/2-1/2"]
[WhiteElo "2330"]
[BlackElo "2360"]
[PlyCount "42"]
[EventDate "2006.11.13"]
[EventType "tourn"]
[EventRounds "9"]
[EventCountry "ESP"]
[EventCategory "6"]
[Source "lmi"]
[SourceDate "2006.11.13"]

1. d4 Nf6 2. c4 e6 3. g3 c5 4. Nf3 d5 5. cxd5 exd5 6. Bg2 Nc6 7. O-O Be7 8. Nc3
O-O 9. b3 Bg4 10. Bb2 Re8 11. dxc5 Bxc5 12. Rc1 Bf8 13. h3 Bh5 14. Re1 Bg6 15.
Nh4 d4 16. Nb1 Be4 17. Nd2 Bxg2 18. Nxg2 Qd7 19. Kh2 Rad8 20. g4 Nb4 21. Rc4
Nc6 1/2-1/2

[Event "Torneig dels Paisos Catalans"]
[Site "Ibiza ESP"]
[Date "2006.11.19"]
[Round "9.1"]
[White "Mascaro March, Pedro"]
[Black "Mirzoev, Azer"]
[Result "1-0"]
[WhiteElo "2360"]
[BlackElo "2543"]
[PlyCount "127"]
[EventDate "2006.11.13"]
[EventType "tourn"]
[EventRounds "9"]
[EventCountry "ESP"]
[EventCategory "6"]
[Source "lmi"]
[SourceDate "2006.11.13"]

1. d4 d5 2. c4 e6 3. Nc3 Nf6 4. Nf3 Nbd7 5. Bg5 c6 6. e3 Qa5 7. Nd2 Bb4 8. Qc2
dxc4 9. Bxf6 Nxf6 10. Nxc4 Qc7 11. Be2 O-O 12. O-O b6 13. a3 Be7 14. Bf3 Bb7
15. b4 Rac8 16. Rfc1 Nd5 17. Ne4 Ba8 18. g3 Rfd8 19. Bg2 f5 20. Ned2 Bf6 21.
Qb3 Kh8 22. Ra2 e5 23. dxe5 Bxe5 24. Nxe5 Qxe5 25. Nf3 Qf6 26. Rac2 g6 27. Nd4
Ne7 28. Qe6 Qxe6 29. Nxe6 Rd6 30. Nd4 Kg7 31. Kf1 Kf6 32. Ke1 a6 33. a4 Kf7 34.
a5 b5 35. Nb3 Rc7 36. Nc5 Ra7 37. Rd2 Rxd2 38. Kxd2 Kf6 39. Kc3 Ke5 40. Rd1
Nd5+ 41. Bxd5 cxd5 42. f4+ Kd6 43. Kd4 Bc6 44. Nd3 Re7 45. Ne5 Bb7 46. Rc1 Re8
47. h3 Re7 48. g4 fxg4 49. hxg4 Rg7 50. g5 Re7 51. Rc2 Rg7 52. Nd3 Rf7 53. Nc5
Re7 54. Nxb7+ Rxb7 55. Rc5 Re7 56. Rxd5+ Kc6 57. e4 Rf7 58. f5 gxf5 59. Rxf5
Re7 60. Rf6+ Kb7 61. e5 Rg7 62. e6 Rxg5 63. e7 Rg4+ 64. Kd5 1-0

[Event "Torneig dels Paisos Catalans"]
[Site "Ibiza ESP"]
[Date "2006.11.19"]
[Round "9.2"]
[White "Movsziszian, Karen"]
[Black "Camarena Gimenez, Rufino"]
[Result "1/2-1/2"]
[WhiteElo "2456"]
[BlackElo "2330"]
[PlyCount "23"]
[EventDate "2006.11.13"]
[EventType "tourn"]
[EventRounds "9"]
[EventCountry "ESP"]
[EventCategory "6"]
[Source "lmi"]
[SourceDate "2006.11.13"]

1. d4 Nf6 2. c4 e6 3. Nf3 b6 4. g3 Bb7 5. Bg2 Be7 6. O-O O-O 7. Nc3 Ne4 8. Nxe4
Bxe4 9. Ne1 Bxg2 10. Nxg2 d5 11. cxd5 exd5 12. Qc2 1/2-1/2

[Event "Torneig dels Paisos Catalans"]
[Site "Ibiza ESP"]
[Date "2006.11.19"]
[Round "9.3"]
[White "Rizouk, Aimen"]
[Black "Oussama, Omar"]
[Result "0-1"]
[WhiteElo "2438"]
[BlackElo "2299"]
[PlyCount "70"]
[EventDate "2006.11.13"]
[EventType "tourn"]
[EventRounds "9"]
[EventCountry "ESP"]
[EventCategory "6"]
[Source "lmi"]
[SourceDate "2006.11.13"]

1. e4 c5 2. Nf3 Nc6 3. d4 cxd4 4. Nxd4 Nf6 5. Nc3 e5 6. Ndb5 d6 7. Bg5 a6 8.
Bxf6 gxf6 9. Na3 b5 10. Nd5 Bg7 11. g4 h5 12. gxh5 f5 13. Bd3 Ne7 14. Nxe7 Qxe7
15. c3 Bb7 16. Qf3 Qg5 17. Nc2 Qxh5 18. Qxh5 Rxh5 19. a4 bxa4 20. Rxa4 Bc6 21.
Ra5 fxe4 22. Be2 Rh3 23. Nb4 Bb7 24. Bxa6 d5 25. Bb5+ Ke7 26. Rxa8 Bxa8 27. Bc6
Bxc6 28. Nxc6+ Kd6 29. Nb4 d4 30. Rg1 Bh6 31. Rg4 f5 32. Rg6+ Kc5 33. Rf6 Rh5
34. Nc6 Rxh2 35. Nxe5 d3 0-1

[Event "Torneig dels Paisos Catalans"]
[Site "Ibiza ESP"]
[Date "2006.11.19"]
[Round "9.4"]
[White "Borges Mateos, Juan"]
[Black "Planells Roig, Jose"]
[Result "1-0"]
[WhiteElo "2431"]
[BlackElo "2070"]
[PlyCount "83"]
[EventDate "2006.11.13"]
[EventType "tourn"]
[EventRounds "9"]
[EventCountry "ESP"]
[EventCategory "6"]
[Source "lmi"]
[SourceDate "2006.11.13"]

1. Nf3 Nf6 2. c4 c5 3. g3 g6 4. Bg2 Bg7 5. d4 cxd4 6. Nxd4 Nc6 7. Nc3 O-O 8.
O-O Nxd4 9. Qxd4 d6 10. Qd3 Nd7 11. b3 Nc5 12. Qd2 a5 13. Ba3 Be6 14. Rac1 Qb6
15. Qg5 Bf6 16. Qe3 Rac8 17. Rfd1 Rfe8 18. h4 h5 19. Bd5 Bf5 20. Be4 Bxe4 21.
Nxe4 Qc6 22. Nxf6+ exf6 23. Qd2 Re6 24. e3 b6 25. Qd5 Qxd5 26. Rxd5 Kf8 27. Kg2
Ke7 28. Rcd1 Rc6 29. Bb2 Na6 30. R5d2 a4 31. Bd4 Nc5 32. Rb2 Nd7 33. Kf3 Rc7
34. Ke2 axb3 35. axb3 Ra7 36. Rdd2 Ra3 37. Rb1 Nc5 38. Rdb2 b5 39. cxb5 Ra8 40.
Rc1 Rb8 41. b6 Kd8 42. b4 1-0

[Event "Torneig dels Paisos Catalans"]
[Site "Ibiza ESP"]
[Date "2006.11.19"]
[Round "9.5"]
[White "Pogorelov, Ruslan"]
[Black "Baches Garcia, Guillermo"]
[Result "1/2-1/2"]
[WhiteElo "2462"]
[BlackElo "2379"]
[PlyCount "24"]
[EventDate "2006.11.13"]
[EventType "tourn"]
[EventRounds "9"]
[EventCountry "ESP"]
[EventCategory "6"]
[Source "lmi"]
[SourceDate "2006.11.13"]

1. d4 d5 2. c4 e6 3. Nc3 Nf6 4. cxd5 exd5 5. Bg5 Be7 6. e3 c6 7. Qc2 Nbd7 8.
Bd3 O-O 9. Nf3 Re8 10. h3 Nf8 11. O-O Be6 12. Rab1 Ng6 1/2-1/2